000
00333nam a22001217a 4500
040
_c
HS
082
_a
581
100
_a
ហ៊ល ថារីន
245
_a
ប្រព័ន្ធវារីរុក្ខជាតិ systematic auatic botany
260
_a
RUA
_b
ហ៊ល ថារីន
_c
2010
300
_a
103p;
942
_c
KB
999
_c
8824
_d
8824